000 00491nam a2200181 a 4500
001 16690
005 20180713205705.0
008 140415s1992 000 0 spa d
020 _a8474902940
041 _aspa
082 _a231.042
_bSUQ
100 1 _aSUQUIA GOICOECHEA, ANGEL
245 1 0 _aSEGUIR A CRISTO HOY :
_bDISCURSOS Y CONFERENCIOS
260 _a[s.l.] :
_bEDICIONES ENCUENTRO,
_c1992
300 _a276
490 _aENSAYOS
_v75
650 1 4 _aDIOS
_xFE EN DIOS
999 _c16690
_d16690